000 00388nam a22001697a 4500
005 20160628152332.0
008 160628b xxu||||| |||| 00| 0 eng d
020 _a978-87-7688-574-8
041 _aeng
082 _b10628
100 _aHubard, L. Ron
_93102
245 _aCytology new version (Hindi)
260 _bNew Era
300 _a275
650 _aManagement
_9241
942 _cBK
999 _c4517
_d4516